World Rugby U20 Championship and Trophy Winners - Statistics

General Stats
  • This quiz has been taken 53 times
    29 since last reset
  • The average score is 9 of 12
Answer Stats
Winners % Correct
England
100%
France
96%
New Zealand
96%
South Africa
96%
Fiji
84%
Italy
84%
Samoa
80%
Georgia
72%
Japan
72%
Romania
68%
United States
68%
Uruguay
32%
No matching quizzes found
Score Distribution
Percent of People with Each Score
Percentile by Number Answered
Your Score History
You have not taken this quiz since the last reset